Pokémon by Signature Ability #3 - Click Quiz - Statistics

General Stats
  • This quiz has been taken 4 times
  • The average score is 16 of 18
Answer Stats
Hint Answer % Correct
Water Bubble Araquanid
100%
Defeatist Archeops
100%
Forecast Castform
100%
Steam Engine Coalossal
100%
Ice Face Eiscue
100%
Good as Gold Gholdengo
100%
Grass Pelt Gogoat
100%
Disguise Mimikyu
100%
Liquid Voice Primarina
100%
Slow Start Regigigas
100%
Wonder Guard Shedinja
100%
Teraform Zero Terapagos
100%
Punk Rock Toxtricity
100%
Electromorphosis Bellibolt
75%
Opportunist Espathra
75%
Costar Flamigo
75%
Water Compaction Palossand
50%
Mind's Eye Ursaluna
50%
No matching quizzes found
Score Distribution
Percent of People with Each Score
Percentile by Number Answered
Your Score History
You have not taken this quiz